Gandhi after 9/11: (Record no. 166690)

MARC details
000 -LEADER
fixed length control field 00582nam a22001937a 4500
005 - DATE AND TIME OF LATEST TRANSACTION
control field 20190805114515.0
010 ## - LCCN (DPL NO)
LC control number ENG-126127
020 ## - INTERNATIONAL STANDARD BOOK NUMBER
International Standard Book Number 9780199491490
Terms of availability 845.00
035 ## - SYSTEM CONTROL NUMBER
System control number EN-109659
037 ## - SOURCE OF ACQUISITION
Source of stock number/acquisition DBAD/PUB
082 ## - DEWEY DECIMAL CLASSIFICATION NUMBER
Classification number 181.4
100 ## - MAIN ENTRY--PERSONAL NAME
Personal name Allen,Douglas
245 ## - TITLE STATEMENT
Title Gandhi after 9/11:
Statement of responsibility, etc by Douglas Allen
Remainder of title creative nonviolence and sustainability/
260 ## - PUBLICATION, DISTRIBUTION, ETC. (IMPRINT)
Name of publisher, distributor, etc Oxford University Press
Date of publication, distribution, etc 2019
Place of publication, distribution, etc New Delhi
270 ## - ADDRESS
Address 2/11 Ground Floor,Ansari Road,Daryaganj
300 ## - PHYSICAL DESCRIPTION
Extent 277p.
Dimensions 21cm(Hb)
500 ## - GENERAL NOTE
General note includes index
942 ## - ADDED ENTRY ELEMENTS (KOHA)
Source of classification or shelving scheme Dewey Decimal Classification
Item type English Books
Classification part 181.4
Call number suffix ALL
Holdings
Withdrawn status Lost status Not for loan Collection code Home library Current library Date acquired Source of acquisition Cost, normal purchase price Full call number Barcode Copy number Cost, replacement price Koha item type
    Not For Loan Non-fiction D.B.Act.Division D.B.Act.Division 05/08/2019 DBAD/PUB 845.00 181.4 ALL EN-109659 1 845.00 English Books

© Delhi Public Library
Hit Counter
free hit counter